संसद और संवाददाता : (Record no. 119083)
[ view plain ]
| 000 -LEADER | |
|---|---|
| fixed length control field | 01279nam a22002537a 4500 |
| 005 - DATE AND TIME OF LATEST TRANSACTION | |
| control field | 20170124103126.0 |
| 010 ## - LIBRARY OF CONGRESS CONTROL NUMBER | |
| LC control number | B-058257 |
| 020 ## - INTERNATIONAL STANDARD BOOK NUMBER | |
| Terms of availability | 00.00 |
| International Standard Book Number | 817124200 |
| 035 ## - SYSTEM CONTROL NUMBER | |
| System control number | B-058257 |
| 037 ## - SOURCE OF ACQUISITION | |
| Source of stock number/acquisition | Cen Lib/Ret |
| 040 ## - CATALOGING SOURCE | |
| Original cataloging agency | DPL |
| Language of cataloging | HN |
| 082 ## - DEWEY DECIMAL CLASSIFICATION NUMBER | |
| Classification number | 328.1 |
| Item number | श्रीवास्त |
| 100 ## - MAIN ENTRY--PERSONAL NAME | |
| Personal name | श्रीवास्तव, ललिततेश्वर प्रसाद |
| 9 (RLIN) | 83269 |
| 245 ## - TITLE STATEMENT | |
| Title | संसद और संवाददाता : |
| Statement of responsibility, etc | ललिततेश्वर प्रसाद श्रीवास्तव |
| Remainder of title | संसदीय रिपोर्टिंग / |
| 246 ## - VARYING FORM OF TITLE | |
| Title proper/short title | Sansad aur sanvaddata : sansadeey reporting / |
| Remainder of title | by Laliteshwar Prasad Shrivastava |
| 260 ## - PUBLICATION, DISTRIBUTION, ETC. (IMPRINT) | |
| Name of publisher, distributor, etc | विश्वविद्यालय प्रकाशन |
| Place of publication, distribution, etc | वाराणसी |
| Date of publication, distribution, etc | 2000 |
| 270 ## - ADDRESS | |
| City | वाराणसी |
| Address | चौक |
| Postal code | 221001 |
| 300 ## - PHYSICAL DESCRIPTION | |
| Extent | 108पृ. |
| Dimensions | 20सेमी(सजिल्द) |
| 650 ## - SUBJECT ADDED ENTRY--TOPICAL TERM | |
| Topical term or geographic name as entry element | संसदीय कार्यप्रणाली -- भारत |
| 9 (RLIN) | 83270 |
| 650 ## - SUBJECT ADDED ENTRY--TOPICAL TERM | |
| Topical term or geographic name as entry element | संसदीय समितियाँ -- भारत |
| 9 (RLIN) | 1283 |
| 650 ## - SUBJECT ADDED ENTRY--TOPICAL TERM | |
| Topical term or geographic name as entry element | Parliamentary procedure - India |
| 9 (RLIN) | 83271 |
| 650 ## - SUBJECT ADDED ENTRY--TOPICAL TERM | |
| Topical term or geographic name as entry element | Parliamentary Committees - India |
| 9 (RLIN) | 83272 |
| 942 ## - ADDED ENTRY ELEMENTS (KOHA) | |
| Source of classification or shelving scheme | Dewey Decimal Classification |
| Koha item type | Hindi Books |
| Classification part | 328.1 |
| Call number suffix | श्रीवास्त |
| Withdrawn status | Lost status | Damaged status | Not for loan | Home library | Current library | Date acquired | Source of acquisition | Cost, normal purchase price | Total Checkouts | Full call number | Barcode | Date last seen | Date checked out | Copy number | Cost, replacement price | Price effective from | Koha item type |
|---|---|---|---|---|---|---|---|---|---|---|---|---|---|---|---|---|---|
| Central Library | Central Library | 15/09/2015 | Cen Lib/Ret | 0.00 | 2 | 328.1 श्रीवास्त | B-058257 | 09/12/2018 | 13/11/2018 | 1 | 0.00 | 15/09/2015 | Hindi Books |
